Determinantes de las decisiones sobre el uso del suelo de hogares ribereños de la Amazonía baja peruana / (Registro nro. 17818)

Detalles MARC
000 -CABECERA
Campo de control 01282nam a22003017a 4500
005 - FECHA Y HORA DE LA ULTIMA TRANSACCION
Campo de control 20180803170200.0
008 - ELEMENTOS DE LONGITUD FIJA—INFORMACION GENERAL
Campo de control 150928b2014 ck |||||r|||| 00| 0 spa d
020 ## - ISBN
ISBN 9786124695216
040 ## - FUENTE DE CATALOGACIÓN
Agencia catalogadora original CO-BoIAVH
Agencia transcriptora CO-BoIAVH
041 0# - IDIOMA
Código de idioma para texto/pista de sonido o título separado Español
044 ## - PAÍS DE PUBLICACIÓN
País de publicación Perú
082 04 - NUMERO DE CLASIFICACION DECIMAL DEWEY
Número de clasificación 333.75
Número del ítem U84c9
100 1# - ASIENTO PRINCIPAL--NOMBRE PERSONAL
Nombre personal Montoya Zumaeta, Javier Gustavo
9 (RLIN) 39999
245 1# - MENCION DE TITULO
Título Determinantes de las decisiones sobre el uso del suelo de hogares ribereños de la Amazonía baja peruana /
Mención de responsabilidad Javier Gustavo Montoya Zumaeta, Eduardo Jesús Rojas Baez y Lech Julio Gutiérrez Díaz
260 ## - PUBLICACION, DISTRIBUCION, ETC. (PIE DE IMPRENTA)
Lugar de publicación, distribución, etc. Lima (Perú):
Nombre del editor, distribuidor, etc. USAID:
-- ICAA,
Fecha de publicación, distribución, etc. 2015.
300 ## - DESCRIPCION FISICA
Extensión 89 páginas :
Otros detalles físicos tablas ;
Dimensiones 25 cm.
490 ## - MENCION DE SERIE
Mención de serie Conservación estratégica. Serie técnica
Designación numérica/secuencial del volumen 34
500 ## - NOTA GENERAL
Nota general Programa de investigaciones económicas aplicadas para la conservación en la Amazonía Andina.<br/>
504 ## - NOTA DE BIBLIOGRAFIA, ETC.
Nota de bibliografía Incluye referencias bibliográficas (páginas 57-64).<br/>
520 ## - NOTA DE RESUMEN, ETC.
Nota de resumen Incluye resúmenes en inglés y español.
650 #6 - ASIENTO SECUNDARIO DE MATERIA - TERMINO TEMATICO
Término temático o nombre geográfico como elemento de entrada Uso del suelo
Subdivisión general Economía
9 (RLIN) 40000
650 #6 - ASIENTO SECUNDARIO DE MATERIA - TERMINO TEMATICO
Término temático o nombre geográfico como elemento de entrada Uso del suelo
Subdivisión general Estadísticas
9 (RLIN) 40001
650 #6 - ASIENTO SECUNDARIO DE MATERIA - TERMINO TEMATICO
Término temático o nombre geográfico como elemento de entrada Conservación de bosques
9 (RLIN) 100953
651 #4 - ASIENTO SECUNDARIO DE MATERIA - NOMBRE GEOGRAFICO
Nombre geográfico Amazonía baja (Región, Perú)
9 (RLIN) 40003
700 1# - ASIENTO SECUNDARIO - NOMBRE PERSONAL
Nombre personal Rojas Baez, Eduardo Jesús
9 (RLIN) 40004
700 1# - ASIENTO SECUNDARIO - NOMBRE PERSONAL
Nombre personal Gutiérrez Díaz, Lech Julio
9 (RLIN) 40005
942 ## - ELEMENTOS ADICIONALES (KOHA)
Sistema de clasificación Dewey Decimal Classification
Tipo de ítem Libro
Existencias
Withdrawn status Lost status Sistema de Clasificación Damaged status No para préstamo Colección Inventariado Ubicación Permanente Ubicación actual Fecha de adquisición Fuente de Valor Valor Total Checkouts Número topográfico Inventario / Código de Barras Date last seen Ejemplar Price effective from Forma de adquisición Tipo de material
    Dewey Decimal Classification     General Inventariado 2017 Bogotá Bogotá 28/09/2015 Instituto 39000.00   LB-333.75 U84c9 039260 28/09/2015 Ej. 1 28/09/2015   Libro